根据城区地形地图写出新疆各地市 Xinjiang cities on urban topographic map - Statistics

General Stats
  • This quiz has been taken 8 times
  • The average score is 9 of 14
Answer Stats
Picture Answer % Correct
乌鲁木齐
100%
哈密
86%
阿勒泰
86%
伊宁
86%
阿图什
71%
库尔勒
71%
喀什
57%
昌吉
57%
和田
57%
塔城
57%
克拉玛依
57%
阿克苏
43%
博乐
43%
吐鲁番
29%
No matching quizzes found
Score Distribution
Percent of People with Each Score
Percentile by Number Answered
Your Score History
You have not taken this quiz